000 02173nam a2200277Ia 4500
003 OSt
005 20200716164447.0
008 191128s2016 cl ad fr 000 0 spa d
040 _aCO-JMCR
_cCO-JMCR
041 0 _aspa
082 0 4 _a338.927098 /
_bH811h
_223
245 1 0 _aHorizontes 2030 :
_bla igualdad en el centro del desarrollo sostenible /
_c[coordinado por Alicia Bárcena, con la colaboración de Antonio Prado]
260 _aSantiago :
_bCepal,
_c2016
300 _a82 páginas :
_bgráficos a color ;
_c22 cm.
490 0 _aSíntesis
500 _a"Trigésimo sexto período de sesiones de la CEPAL, ciudad de México, 23 a 27 de mayo de 2016"--Portada
504 _aBibliografía: páginas 79-82
505 0 _aEl nuevo estilo de desarrollo: la agenda 2030 para el desarrollo sostenible -- Se aceleran los cambios tectónicos de alcance mundial -- Se deteriora el contexto económico internacional -- Se debilita la posición de la región en la economía mundial
520 3 _aEn este documento de síntesis, que la Comisión Económica para América Latina y el Caribe (CEPAL) presenta a los Estados miembros en su trigésimo sexto período de sesiones, se complementa analíticamente esa Agenda sobre la base de la perspectiva estructuralista del desarrollo y desde el punto de vista de los países de América Latina y el Caribe. Sus propuestas se centran en la necesidad de impulsar un cambio estructural progresivo que aumente la incorporación de conocimiento en la producción, garantice la inclusión social y combata los efectos negativos del cambio climático. El foco de las reflexiones y propuestas para avanzar hacia un nuevo estilo de desarrollo radica en el impulso a la igualdad y la sostenibilidad ambiental. Contiene información estadística de Colombia y otros paises latinoamericanos en las páginas 19, 36, y 49-55.
650 1 4 _aDesarrollo sostenible
_zAmérica Latina
_97424
650 1 4 _aDesarrollo económico y social
_zAmérica Latina
_97425
650 1 4 _aCambios climáticos
_zAmérica Latina
_97426
700 1 _aBárcena, Alicia,
_ecoordinadora
_96639
700 1 _aPrado, Antonio,
_ecolaborador
_97427
942 _2ddc
_cBK
999 _c3910
_d3910